an analysis of Hate Literature a Gainst the Muslims: the Image of Muslim in the Ideligy of RSS (Record no. 20379)

MARC details
000 -LEADER
fixed length control field 00329nam a22001097a 4500
082 ## - DEWEY DECIMAL CLASSIFICATION NUMBER
Classification number 324.245408 ABR
100 ## - MAIN ENTRY--AUTHOR NAME
Author name Peddiny, abraham
245 ## - TITLE STATEMENT
Title an analysis of Hate Literature a Gainst the Muslims: the Image of Muslim in the Ideligy of RSS
260 ## - PUBLICATION, DISTRIBUTION, ETC. (IMPRINT)
Place of publication Kollkata
Name of publisher Senat of Serampore College
Year of publication 1999
300 ## - PHYSICAL DESCRIPTION
Number of Pages 109
942 ## - ADDED ENTRY ELEMENTS (KOHA)
Koha item type Reading Reference Book
Holdings
Home library Current library Date acquired Source of acquisition Cost, normal purchase price Full call number Accession Number Koha item type
Henry Martyn Institute Library Henry Martyn Institute Library 03/30/2017 Henry Martyh Institute 100.00 324.245408 ABR 11-824 Reading Reference Book
                   Copyright © 2026 | Henry Martyn Institute | Hyderabad | TS-500052 | INDIA | Implemented by hmi.edu.in
Hit-Count:

Powered by Koha